000 00757cam a2200253 a 4500
008
020 _a9781437709896 (pbk.)
049 _aMAIN
090 _aRB53
_bBRU
100 1 _aBrunzel, Nancy A.
245 1 0 _aFundamentals of urine & body fluid analysis /
_cNancy A. Brunzel.
250 _a3rd ed.
260 _aSt. Louis, Missouri :
_bElsevier/Saunders,
_cc2013.
300 _axiii, 441 p. :
_bill. (some col.) ;
_c28 cm.
500 _aIncludes index.
504 _aIncludes bibliographical references.
650 1 2 _aUrinalysis.
650 2 2 _aBody Fluids
_xchemistry.
907 _a.b10364006
_b28-10-15
_c28-10-15
003
005 20230120204203.0
040 _cNUST
942 _cBOOKS
_kRB53
_mBRU
999 _c118722
_d118722